[Event "Suwalki_2017"]
[Site "?"]
[Date "2017.08.05"]
[Round "6.4"]
[White "Budnik, Mateusz"]
[Black "Jedynak, January"]
[Result "1-0"]
[BlackElo "1791"]
[WhiteElo "1989"]
[LiveChessVersion "1.4.8"]

1. e4 {[%clk 1:20:30]} e6 {[%clk 1:21:01]} 2. d4 {[%clk 1:14:27]} d5
{[%clk 1:09:05]} 3. e5 {[%clk 1:12:41]} c5 {[%clk 1:09:22]} 4. c3
{[%clk 1:12:24]} Nc6 {[%clk 1:09:40]} 5. Nf3 {[%clk 1:12:42]} Qb6
{[%clk 1:10:01]} 6. a3 {[%clk 1:13:00]} Bd7 {[%clk 1:07:01]} 7. b4
{[%clk 1:12:58]} cxd4 {[%clk 1:07:25]} 8. cxd4 {[%clk 1:13:18]} Nge7
{[%clk 1:07:40]} 9. Bb2 {[%clk 1:13:03]} Nf5 {[%clk 0:57:31]} 10. Be2
{[%clk 1:12:19]} Be7 {[%clk 0:57:25]} 11. O-O {[%clk 1:12:23]} Rc8
{[%clk 0:56:15]} 12. Qd3 {[%clk 1:06:45]} Na5 {[%clk 0:51:11]} 13. Nbd2
{[%clk 1:03:19]} Nc4 {[%clk 0:46:23]} 14. Nxc4 {[%clk 1:03:10]} Rxc4
{[%clk 0:46:35]} 15. Qb3 {[%clk 1:00:37]} Rc8 {[%clk 0:31:11]} 16. Bd3
{[%clk 0:56:45]} Bb5 {[%clk 0:25:24]} 17. Rfc1 {[%clk 0:55:12]} Rxc1+
{[%clk 0:25:35]} 18. Rxc1 {[%clk 0:55:34]} Bxd3 {[%clk 0:25:44]} 19. Rc8+
{[%clk 0:53:35]} Bd8 {[%clk 0:25:37]} 20. Qxd3 {[%clk 0:53:30]} O-O
{[%clk 0:25:45]} 21. Qc2 {[%clk 0:48:48]} a6 {[%clk 0:21:49]} 22. Qc5
{[%clk 0:39:59]} Ne7 {[%clk 0:18:49]} 23. Rb8 {[%clk 0:35:40]} Qc6
{[%clk 0:10:27]} 24. h3 {[%clk 0:28:52]} b6 {[%clk 0:04:39]} 25. Qxc6
{[%clk 0:24:48]} Nxc6 {[%clk 0:04:57]} 26. Rc8 {[%clk 0:24:43]} Ne7
{[%clk 0:04:29]} 27. Ra8 {[%clk 0:24:43]} a5 {[%clk 0:02:06]} 28. bxa5
{[%clk 0:23:14]} bxa5 {[%clk 0:02:33]} 29. Nd2 {[%clk 0:20:10]} Bb6
{[%clk 0:02:15]} 30. Ra6 {[%clk 0:19:54]} Rb8 {[%clk 0:02:31]} 31. Bc3
{[%clk 0:19:24]} Nc6 {[%clk 0:00:55]} 32. Nb3 {[%clk 0:19:11]} Kf8
{[%clk 0:00:46]} 33. Kf1 {[%clk 0:11:58]} Ke8 {[%clk 0:01:07]} 34. Ke2
{[%clk 0:11:53]} Kd7 {[%clk 0:01:13]} 35. Kd3 {[%clk 0:11:58]} Kc7
{[%clk 0:01:29]} 36. Nxa5 {[%clk 0:11:36]} Bxa5 {[%clk 0:00:38]} 37. Bxa5+ 1-0

[Event "Suwalki_2017"]
[Site "?"]
[Date "2017.08.05"]
[Round "7.1"]
[White "Sliwicki, Damian"]
[Black "Jaroch, Karol"]
[Result "1/2-1/2"]
[BlackElo "2207"]
[WhiteElo "2112"]
[LiveChessVersion "1.4.8"]

1. e4 {[%clk 1:28:36]} c5 {[%clk 1:28:29]} 2. Nf3 {[%clk 1:28:46]} d6
{[%clk 1:28:48]} 3. d4 {[%clk 1:29:07]} cxd4 {[%clk 1:29:05]} 4. Qxd4
{[%clk 1:28:54]} a6 {[%clk 1:27:49]} 5. c4 {[%clk 1:29:19]} Nc6 {[%clk 1:28:13]}
6. Qe3 {[%clk 1:29:46]} Nf6 {[%clk 1:27:53]} 7. h3 {[%clk 1:30:13]} g6
{[%clk 1:26:06]} 8. Nc3 {[%clk 1:30:37]} Bg7 {[%clk 1:26:27]} 9. Be2
{[%clk 1:31:00]} O-O {[%clk 1:24:51]} 10. O-O {[%clk 1:31:25]} Nd7
{[%clk 1:24:09]} 11. b3 {[%clk 1:25:42]} Nde5 {[%clk 1:23:46]} 12. Bb2
{[%clk 1:21:58]} Nxf3+ {[%clk 1:20:41]} 13. Bxf3 {[%clk 1:22:18]} Nd4
{[%clk 1:20:54]} 14. Rac1 {[%clk 1:13:12]} Bd7 {[%clk 1:17:25]} 15. Rfd1
{[%clk 1:04:39]} Nxf3+ {[%clk 1:17:41]} 16. Qxf3 {[%clk 1:05:05]} b5
{[%clk 1:18:02]} 17. cxb5 {[%clk 1:05:04]} axb5 {[%clk 1:18:30]} 18. Rb1
{[%clk 0:50:32]} Bc6 {[%clk 1:14:34]} 19. Qd3 {[%clk 0:40:04]} Qb6
{[%clk 1:13:23]} 20. b4 {[%clk 0:34:46]} Rfc8 {[%clk 1:05:23]} 21. Rd2
{[%clk 0:30:24]} Bb7 {[%clk 0:57:36]} 22. Nd5 {[%clk 0:25:11]} Bxd5
{[%clk 0:57:20]} 23. Qxd5 {[%clk 0:25:40]} Bxb2 {[%clk 0:57:20]} 24. Rbxb2
{[%clk 0:25:35]} Rc6 {[%clk 0:53:41]} 25. Rb3 {[%clk 0:22:57]} e6
{[%clk 0:53:06]} 26. Qg5 {[%clk 0:23:06]} Rc4 {[%clk 0:52:20]} 27. Rbd3
{[%clk 0:18:38]} Rd8 {[%clk 0:46:09]} 28. Qe7 {[%clk 0:18:47]} Rxe4
{[%clk 0:45:59]} 29. Rf3 {[%clk 0:18:05]} Rf8 {[%clk 0:46:23]} 30. Rxd6
{[%clk 0:16:57]} Qb8 {[%clk 0:45:48]} 31. g3 {[%clk 0:16:04]} Qa8
{[%clk 0:45:12]} 32. Kg2 {[%clk 0:14:16]} Rxb4 {[%clk 0:43:52]} 33. Rxe6
{[%clk 0:12:26]} Ra4 {[%clk 0:43:15]} 34. Rb6 {[%clk 0:09:45]} Rxa2
{[%clk 0:41:49]} 1/2-1/2

[Event "Suwalki_2017"]
[Site "?"]
[Date "2017.08.05"]
[Round "7.2"]
[White "Karwowski, Kacper"]
[Black "Sowul, Bartosz"]
[Result "1/2-1/2"]
[BlackElo "2183"]
[WhiteElo "2221"]
[LiveChessVersion "1.4.8"]

1. e4 {[%clk 1:27:29]} c5 {[%clk 1:30:54]} 2. Nf3 {[%clk 1:27:20]} d6
{[%clk 1:31:19]} 3. d4 {[%clk 1:27:31]} cxd4 {[%clk 1:31:45]} 4. Nxd4
{[%clk 1:27:58]} Nf6 {[%clk 1:32:10]} 5. Nc3 {[%clk 1:28:15]} g6 {[%clk 1:32:35]}
6. Be2 {[%clk 1:28:27]} Bg7 {[%clk 1:33:00]} 7. O-O {[%clk 1:28:44]} O-O
{[%clk 1:33:24]} 8. Bg5 {[%clk 1:28:42]} Nc6 {[%clk 1:33:44]} 9. Nb3
{[%clk 1:29:00]} Be6 {[%clk 1:33:44]} 10. Kh1 {[%clk 1:29:17]} Na5
{[%clk 1:32:21]} 11. Nd4 {[%clk 1:23:19]} Bc4 {[%clk 1:26:54]} 12. Bxc4
{[%clk 1:11:54]} Nxc4 {[%clk 1:26:22]} 13. b3 {[%clk 1:12:00]} Na5
{[%clk 1:13:16]} 14. Qd3 {[%clk 1:04:43]} Nc6 {[%clk 1:11:43]} 15. Nxc6
{[%clk 0:57:39]} bxc6 {[%clk 1:10:26]} 16. Rad1 {[%clk 0:57:51]} Qa5
{[%clk 1:09:00]} 17. f4 {[%clk 0:57:00]} Rfe8 {[%clk 1:06:19]} 18. Na4
{[%clk 0:53:10]} Rad8 {[%clk 0:59:00]} 19. c4 {[%clk 0:48:34]} Nd7
{[%clk 0:51:19]} 20. f5 {[%clk 0:38:23]} Ne5 {[%clk 0:47:54]} 21. Qe2
{[%clk 0:35:40]} d5 {[%clk 0:43:43]} 22. exd5 {[%clk 0:34:04]} cxd5
{[%clk 0:44:05]} 23. c5 {[%clk 0:32:06]} d4 {[%clk 0:41:37]} 24. Bf4
{[%clk 0:31:22]} Rd5 {[%clk 0:38:52]} 25. fxg6 {[%clk 0:30:36]} Nxg6
{[%clk 0:33:28]} 26. Bd2 {[%clk 0:28:44]} Qd8 {[%clk 0:33:01]} 27. c6
{[%clk 0:26:17]} e6 {[%clk 0:31:11]} 28. Rc1 {[%clk 0:26:05]} Qc7
{[%clk 0:30:00]} 29. Qa6 {[%clk 0:22:39]} Rh5 {[%clk 0:27:04]} 30. h3
{[%clk 0:21:40]} Qg3 {[%clk 0:24:23]} 31. Be1 {[%clk 0:21:27]} Rxh3+
{[%clk 0:20:14]} 32. gxh3 {[%clk 0:21:50]} Qxh3+ {[%clk 0:20:39]} 33. Kg1
{[%clk 0:22:17]} Qe3+ {[%clk 0:20:24]} 34. Kg2 {[%clk 0:13:37]} Qxc1
{[%clk 0:19:32]} 35. Bg3 {[%clk 0:13:55]} Qc2+ {[%clk 0:18:17]} 36. Kh3
{[%clk 0:11:51]} Ne5 {[%clk 0:15:54]} 37. Qxa7 {[%clk 0:11:06]} Qe2
{[%clk 0:10:29]} 38. Rf2 {[%clk 0:08:51]} Qg4+ {[%clk 0:09:20]} 39. Kh2
{[%clk 0:04:58]} Qh5+ {[%clk 0:08:57]} 40. Kg2 {[%clk 0:04:56]} Ng4
{[%clk 0:08:52]} 41. Qd7 {[%clk 0:03:54]} Rf8 {[%clk 0:04:13]} 42. c7
{[%clk 0:02:47]} Ne3+ {[%clk 0:01:23]} 43. Kg1 {[%clk 0:03:13]} Qd1+ 44. Kh2
{[%clk 0:03:39]} 1/2-1/2

[Event "Suwalki_2017"]
[Site "?"]
[Date "2017.08.05"]
[Round "7.3"]
[White "Grabowski, Adam"]
[Black "Budnik, Mateusz"]
[Result "1/2-1/2"]
[BlackElo "1989"]
[WhiteElo "2063"]
[LiveChessVersion "1.4.8"]

1. Nf3 {[%clk 1:30:57]} Nf6 {[%clk 1:27:28]} 2. g3 {[%clk 1:30:57]} c5
{[%clk 1:27:31]} 3. Bg2 {[%clk 1:30:41]} d5 {[%clk 1:27:53]} 4. c3
{[%clk 1:31:07]} Nc6 {[%clk 1:28:10]} 5. O-O {[%clk 1:27:06]} e5 {[%clk 1:27:45]}
6. d4 {[%clk 1:26:45]} e4 {[%clk 1:27:17]} 7. Ne5 {[%clk 1:26:58]} Bd6
{[%clk 1:26:18]} 8. Nxc6 {[%clk 1:21:01]} bxc6 {[%clk 1:25:56]} 9. Bg5
{[%clk 1:17:03]} h6 {[%clk 1:24:01]} 10. Bxf6 {[%clk 1:16:16]} Qxf6
{[%clk 1:24:21]} 11. dxc5 {[%clk 1:16:38]} Bxc5 {[%clk 1:24:21]} 12. e3
{[%clk 1:17:07]} O-O {[%clk 1:21:10]} 13. Nd2 {[%clk 1:15:54]} Ba6
{[%clk 1:19:36]} 14. Re1 {[%clk 1:16:23]} Rfd8 {[%clk 1:17:53]} 15. Bf1
{[%clk 1:15:14]} Bc8 {[%clk 1:17:11]} 16. Qc2 {[%clk 1:15:00]} Bg4
{[%clk 1:14:34]} 17. Nb3 {[%clk 1:14:24]} Bb6 {[%clk 1:14:28]} 18. Be2
{[%clk 1:13:45]} Bh3 {[%clk 1:08:52]} 19. Red1 {[%clk 1:12:10]} Qg5
{[%clk 1:06:24]} 20. Bf1 {[%clk 1:09:12]} Bg4 {[%clk 1:06:34]} 21. Rd2
{[%clk 1:08:56]} h5 {[%clk 1:05:43]} 22. Nd4 {[%clk 0:58:05]} h4 {[%clk 0:53:25]}
23. Be2 {[%clk 0:56:45]} hxg3 {[%clk 0:53:20]} 24. hxg3 {[%clk 0:57:13]} Bxd4
{[%clk 0:45:49]} 25. Rxd4 {[%clk 0:56:46]} Bxe2 {[%clk 0:42:31]} 26. Qxe2
{[%clk 0:57:12]} Rd6 {[%clk 0:42:54]} 27. Kg2 {[%clk 0:55:54]} Rh6
{[%clk 0:41:32]} 28. Rh1 {[%clk 0:51:53]} Rxh1 29. Kxh1 {[%clk 0:52:22]} Re8
{[%clk 0:40:39]} 30. Kg2 {[%clk 0:51:18]} Re6 {[%clk 0:40:42]} 31. Rd1
{[%clk 0:50:15]} Rh6 {[%clk 0:40:32]} 1/2-1/2

[Event "Suwalki_2017"]
[Site "?"]
[Date "2017.08.05"]
[Round "8.1"]
[White "Kukorowski, Jan"]
[Black "Sliwicki, Damian"]
[Result "0-1"]
[BlackElo "2112"]
[WhiteElo "1625"]
[LiveChessVersion "1.4.8"]

1. e4 {[%clk 1:30:58]} c5 {[%clk 1:30:57]} 2. Nf3 {[%clk 1:31:24]} e6
{[%clk 1:31:24]} 3. d4 {[%clk 1:31:50]} cxd4 {[%clk 1:31:52]} 4. Nxd4
{[%clk 1:32:15]} Nc6 {[%clk 1:32:20]} 5. Nb5 {[%clk 1:31:32]} d6 {[%clk 1:32:33]}
6. c4 {[%clk 1:30:33]} a6 {[%clk 1:31:07]} 7. N5a3 {[%clk 1:29:12]} Nf6
{[%clk 1:30:45]} 8. Nc3 {[%clk 1:29:14]} Be7 {[%clk 1:30:48]} 9. Be2
{[%clk 1:28:13]} O-O {[%clk 1:24:55]} 10. Bf4 {[%clk 1:23:32]} e5
{[%clk 1:07:48]} 11. Be3 {[%clk 1:21:05]} Be6 {[%clk 1:07:24]} 12. Qc2 Rc8
{[%clk 1:06:24]} 13. Na4 {[%clk 1:15:53]} Nd4 {[%clk 1:01:58]} 14. Bxd4
{[%clk 1:13:22]} exd4 {[%clk 1:02:09]} 15. Qd1 {[%clk 1:07:48]} Qa5+ 16. Kf1 Nxe4
{[%clk 1:01:08]} 17. Qxd4 {[%clk 1:02:45]} Nd2+ {[%clk 0:59:16]} 18. Kg1
{[%clk 1:03:10]} Bf6 {[%clk 0:58:53]} 19. Qd3 {[%clk 1:03:30]} Nxc4
{[%clk 0:58:19]} 0-1

[Event "Suwalki_2017"]
[Site "?"]
[Date "2017.08.05"]
[Round "8.2"]
[White "Jaroch, Karol"]
[Black "Sowul, Bartosz"]
[Result "1/2-1/2"]
[BlackElo "2183"]
[WhiteElo "2207"]
[LiveChessVersion "1.4.8"]

1. e4 {[%clk 1:30:59]} g6 {[%clk 1:30:52]} 2. d4 {[%clk 1:31:23]} Bg7
{[%clk 1:31:17]} 3. Nc3 {[%clk 1:30:16]} d6 {[%clk 1:31:42]} 4. Be3
{[%clk 1:30:34]} a6 {[%clk 1:32:07]} 5. Qd2 {[%clk 1:29:20]} Nd7 {[%clk 1:32:24]}
6. a4 {[%clk 1:29:08]} b6 {[%clk 1:31:14]} 7. Bc4 {[%clk 1:29:25]} e6
{[%clk 1:31:22]} 8. f3 {[%clk 1:27:23]} Bb7 {[%clk 1:29:52]} 9. Nge2
{[%clk 1:25:18]} Rc8 {[%clk 1:28:18]} 10. h4 {[%clk 1:15:11]} h5 {[%clk 1:24:32]}
11. Bg5 {[%clk 1:09:57]} Ne7 {[%clk 1:22:29]} 12. Nf4 {[%clk 1:09:41]} Nf8
{[%clk 1:21:05]} 13. O-O-O {[%clk 0:55:55]} Qd7 {[%clk 1:17:28]} 14. d5
{[%clk 0:55:17]} e5 {[%clk 1:11:41]} 15. Nfe2 {[%clk 0:54:16]} f6
{[%clk 1:08:00]} 16. Be3 {[%clk 0:54:37]} f5 {[%clk 1:07:22]} 17. Qd3
{[%clk 0:54:45]} Ra8 {[%clk 1:05:28]} 18. f4 {[%clk 0:51:35]} fxe4
{[%clk 0:59:58]} 19. Qxe4 {[%clk 0:51:51]} Qf5 {[%clk 0:59:35]} 20. fxe5
{[%clk 0:51:10]} Bxe5 {[%clk 0:52:37]} 21. Bd4 {[%clk 0:48:39]} Nd7
{[%clk 0:46:15]} 22. Bd3 {[%clk 0:39:57]} Qxe4 {[%clk 0:35:30]} 23. Bxe4
{[%clk 0:40:21]} O-O {[%clk 0:35:50]} 24. Bxe5 {[%clk 0:40:03]} Nxe5
{[%clk 0:36:10]} 25. Nd4 {[%clk 0:39:17]} Bc8 {[%clk 0:31:18]} 26. Rhf1
{[%clk 0:39:32]} Bg4 {[%clk 0:29:46]} 1/2-1/2

[Event "Suwalki_2017"]
[Site "?"]
[Date "2017.08.05"]
[Round "8.4"]
[White "Budnik, Mateusz"]
[Black "Karwowski, Kacper"]
[Result "1/2-1/2"]
[BlackElo "2221"]
[WhiteElo "1989"]
[LiveChessVersion "1.4.8"]

1. e4 {[%clk 1:28:26]} c5 {[%clk 1:26:52]} 2. Nf3 {[%clk 1:24:04]} e6
{[%clk 1:27:00]} 3. d4 {[%clk 1:24:29]} cxd4 {[%clk 1:27:26]} 4. Nxd4
{[%clk 1:24:54]} Nc6 {[%clk 1:27:52]} 5. Nc3 {[%clk 1:24:56]} Qc7
{[%clk 1:28:03]} 6. Be2 {[%clk 1:24:26]} a6 {[%clk 1:28:30]} 7. O-O
{[%clk 1:24:23]} Nf6 {[%clk 1:27:57]} 8. Be3 {[%clk 1:21:54]} Be7
{[%clk 1:28:16]} 9. Kh1 {[%clk 1:21:35]} d6 {[%clk 1:27:07]} 10. f4
{[%clk 1:21:25]} O-O {[%clk 1:27:22]} 11. Bf3 {[%clk 1:17:08]} e5
{[%clk 1:18:09]} 12. Nxc6 {[%clk 1:12:14]} bxc6 {[%clk 1:18:30]} 13. fxe5
{[%clk 1:11:41]} dxe5 {[%clk 1:18:56]} 14. Qe2 {[%clk 1:08:59]} Rb8
{[%clk 1:12:31]} 15. b3 {[%clk 1:05:25]} c5 {[%clk 1:10:56]} 16. Bg5
{[%clk 1:01:36]} Bb7 {[%clk 1:10:10]} 17. Bxf6 {[%clk 0:58:21]} Bxf6
{[%clk 1:10:11]} 18. Rad1 {[%clk 0:56:02]} Qa5 {[%clk 1:06:13]} 19. Qc4
{[%clk 0:42:21]} Rfd8 {[%clk 1:03:07]} 20. Bh5 {[%clk 0:37:28]} Qc7
{[%clk 1:02:53]} 21. Nd5 {[%clk 0:34:09]} Bxd5 {[%clk 1:03:18]} 22. Rxd5
{[%clk 0:34:30]} Rxd5 {[%clk 1:03:35]} 23. exd5 {[%clk 0:33:08]} Rb6
{[%clk 1:01:05]} 24. a3 {[%clk 0:26:56]} g6 {[%clk 0:59:37]} 25. Be2
{[%clk 0:27:07]} Qd6 {[%clk 0:59:23]} 26. c3 {[%clk 0:25:15]} Be7
{[%clk 0:57:31]} 27. b4 {[%clk 0:22:59]} f5 {[%clk 0:57:30]} 28. bxc5
{[%clk 0:22:12]} Qxc5 {[%clk 0:57:56]} 29. d6+ {[%clk 0:22:34]} Qxc4
{[%clk 0:58:21]} 30. Bxc4+ {[%clk 0:22:57]} Kf8 {[%clk 0:58:49]} 31. dxe7+
{[%clk 0:23:03]} Kxe7 {[%clk 0:59:17]} 32. Bd5 {[%clk 0:18:41]} Kd6
{[%clk 0:59:25]} 33. c4 {[%clk 0:17:15]} Kc5 {[%clk 0:59:39]} 34. h4
{[%clk 0:16:36]} e4 {[%clk 0:57:05]} 35. Bg8 {[%clk 0:14:06]} e3 {[%clk 0:55:52]}
36. Kh2 {[%clk 0:12:09]} Kd4 {[%clk 0:54:27]} 37. Rd1+ {[%clk 0:07:40]} Kc3
{[%clk 0:54:38]} 38. Kg3 {[%clk 0:05:56]} f4+ {[%clk 0:53:51]} 39. Kxf4
{[%clk 0:03:02]} e2 {[%clk 0:54:03]} 40. Re1 {[%clk 0:03:19]} Kd2
{[%clk 0:53:29]} 41. Rxe2+ {[%clk 0:03:10]} Kxe2 {[%clk 0:53:53]} 42. Bxh7
{[%clk 0:03:12]} Rc6 {[%clk 0:44:01]} 43. Kg5 {[%clk 0:02:31]} Rc5+
{[%clk 0:44:30]} 44. Kxg6 {[%clk 0:02:34]} Rxc4 {[%clk 0:44:59]} 45. Kg5
{[%clk 0:02:13]} Rc3 {[%clk 0:45:26]} 46. g4 {[%clk 0:01:46]} Rxa3
{[%clk 0:45:54]} 47. h5 {[%clk 0:02:07]} Rh3 {[%clk 0:45:55]} 48. h6
{[%clk 0:02:01]} Kf3 {[%clk 0:46:05]} 49. Bf5 {[%clk 0:01:28]} a5
{[%clk 0:46:28]} 50. Kg6 {[%clk 0:01:20]} a4 {[%clk 0:44:09]} 51. Be6
{[%clk 0:00:57]} Kf4 {[%clk 0:42:10]} 52. h7 {[%clk 0:00:47]} Rxh7
{[%clk 0:42:22]} 53. Kxh7 {[%clk 0:01:06]} Kg5 {[%clk 0:42:49]} 1/2-1/2